00681nam a2200193 a 4500001001000000003000900010005001700019007000300036008004100039020001500080040002500095041001300120082000700133100002600140245018100166246004700347260007200394300002100466000006271DO-SdBNP20230113123031.0ta090827s2005 dr 001 0 spa d a9993423920 aDO-SdBNPbspacBNPHU17aspaheng 42221 aValera Acosta, Cheila10aEducación para la ciudadanía en el Caribe :bestudio sobre política curricular y de formación docente en Cuba, Haití y República Dominicana /cCheila Valera Acosta. aEducation for citizenship in the caribbean aSanto Domingo :bOficina Internacional de Educación (OIE),c2005. a162 p. ;c23 cm.